| 000 | 00604nam a22001817a 4500 | ||
|---|---|---|---|
| 003 | CEME | ||
| 005 | 20210628202457.0 | ||
| 008 | 210208b xxu||||| |||| 00| 0 eng d | ||
| 020 | _a81-7635-601-8 | ||
| 040 | _c. | ||
| 082 | _a005.133 SIM | ||
| 100 |
_aCox, Ken Koorhan, Leslie Simon, Richard.J _960070 |
||
| 245 | _aTeach yourself object oriented programming with visual basic net in 21 days | ||
| 260 |
_aNEW DELHI _bTECHMEDIA _c2002 |
||
| 300 | _aXIII,412P | ||
| 650 |
_aVISUAL BASIC NET; OBJECT ORIENTED PROGRAMMING; OBJECT ORIENTED PROGRAMMING WITH VISUAL BASIC NET _960071 |
||
| 942 |
_cBK _2ddc |
||
| 999 |
_c569900 _d569900 |
||